Statistics for Cities that Smoke the Most Marijuana

Click here to take the quiz!

General Stats

  • This quiz has been taken 105 times
  • The average score is 6 of 10

Answer Stats

Amount smoked (metric tonnes)City% Correct
36.06Los Angeles
96%
77.44New York
94%
31.40London
76%
24.54Chicago
73%
22.75Toronto
56%
22.87Moscow
44%
38.26New Delhi
39%
32.59Cairo
38%
32.38Mumbai
34%
41.95Karachi
17%

Score Distribution

Percentile by Number Answered

Percent of People with Each Score

Your Score History

You have not taken this quiz